ბათუმის შოთა რუსთაველის სახელმწიფო უნივერსიტეტის ბიბლიოთეკა

Античная Полевая Археология. (ბიბ.ჩანაწერი № 34999)

000 -LEADER
fixed length control field 00569nam a2200217Ia 4500
001 - CONTROL NUMBER
control field 837
003 - CONTROL NUMBER IDENTIFIER
control field GE_BSU
008 - FIXED-LENGTH DATA ELEMENTS--GENERAL INFORMATION
fixed length control field 181216s||||||||xx |||||||||||||| ||und||
040 ## - CATALOGING SOURCE
Transcribing agency GE_BSU
080 ## - UNIVERSAL DECIMAL CLASSIFICATION NUMBER
Universal Decimal Classification number 902/304,,652
100 ## - MAIN ENTRY--PERSONAL NAME
Personal name Блаватский, В.Д.
245 ## - TITLE STATEMENT
Title Античная Полевая Археология.
260 ## - PUBLICATION, DISTRIBUTION, ETC.
Place of publication, distribution, etc. Москва
260 ## - PUBLICATION, DISTRIBUTION, ETC.
Name of publisher, distributor, etc. Наук
260 ## - PUBLICATION, DISTRIBUTION, ETC.
Date of publication, distribution, etc. 1967
300 ## - PHYSICAL DESCRIPTION
Extent 208 с.
653 ## - INDEX TERM--UNCONTROLLED
Uncontrolled term Античная Полевая Археология
653 ## - INDEX TERM--UNCONTROLLED
Uncontrolled term არქეოლოგია
942 ## - ADDED ENTRY ELEMENTS (KOHA)
Koha item type წიგნი
ეგზემპლარები
Withdrawn status Lost status Damaged status Not for loan Date acquired Barcode Date last seen Price effective from Koha item type
        2018-12-17 1281 2018-12-17 2018-12-17 წიგნი